[Event "Challenge"]
[Site "http://www.queenalice.com/game.php?id=1101738"]
[Date "2012.9.11"]
[Round "-"]
[White "iowahawk"]
[Black "Genjuro_Kibagami"]
[Result "0-1"]
[WhiteElo "1382"]
[BlackElo "1793"]

1. e4 e5 2. Nf3 Nc6 3. Bc4 h6 4. Nc3 a6 5. O-O b5 6. Bd5 Bb7 7. Bxc6 dxc6 8.
Nxe5 b4 9. Ne2 Qe7 10. d4 O-O-O 11. b3 c5 12. d5 Qxe5 13. Qd3 Qxa1 14. Bg5 Qxf1+
15. Kxf1 hxg5 16. Ng3 Rxh2 17. Kg1 Rh8 18. Nf5 g6 19. Ne3 Bd6 20. Nc4 Bh2+ 0-1

[Event "Challenge"]
[Site "http://www.queenalice.com/game.php?id=1101739"]
[Date "2012.9.11"]
[Round "-"]
[White "iowahawk"]
[Black "Genjuro_Kibagami"]
[Result "0-1"]
[WhiteElo "1380"]
[BlackElo "1795"]

1. e4 d5 2. exd5 Qxd5 3. Nc3 Qa5 4. Qe2 e5 5. d4 f6 6. Bd2 Nc6 7. Nb1 Qb6 8. Qb5
Qxd4 9. Nc3 a6 10. Qd3 Bc5 11. Be3 Qxd3 12. Bxd3 Bxe3 13. fxe3 Nb4 14. Nge2 f5
15. a3 Nxd3+ 16. cxd3 Bd7 17. Nd5 O-O-O 18. Rc1 Bc6 19. Nb4 Bxg2 20. Rg1 Bf3 21.
Rc3 a5 0-1

[Event "Challenge"]
[Site "http://www.queenalice.com/game.php?id=1102229"]
[Date "2012.9.12"]
[Round "-"]
[White "Genjuro_Kibagami"]
[Black "heberesteves"]
[Result "0-1"]
[WhiteElo "1817"]
[BlackElo "1618"]

1. e4 e5 2. Nf3 Bd6 3. d4 Qe7 4. Bg5 f6 5. Bh4 Nc6 6. dxe5 Nxe5 7. Nc3 Nh6 8.
Nd5 Qd8 9. Qd2 Nxf3+ 10. gxf3 c6 11. Nxf6+ gxf6 12. Qxh6 Be5 13. O-O-O Qe7 14.
f4 Bd6 15. Bxf6 Qxe4 16. Qh5+ Kf8 17. Qh6+ Ke8 18. Qh5+ Qg6 19. Re1+ Kf7 20.
Qxg6+ hxg6 21. Bxh8 Bxf4+ 22. Kb1 d6 23. Bd3 Bf5 24. Bxf5 gxf5 25. h4 Rxh8 26.
h5 Kg7 27. Re7+ Kf6 28. Rxb7 a5 29. a4 Kg5 30. Ra7 Bd2 31. Rxa5 Bxa5 32. Rg1+
Kf4 33. Rg6 Rxh5 34. Rxd6 c5 35. Rd5 Bb6 36. Rd6 Ba7 37. a5 Rh1+ 38. Ka2 c4 39.
a6 Rh7 40. Rc6 Kf3 41. Rxc4 Kxf2 42. b4 Rf7 43. b5 f4 44. Rc6 f3 45. b6 Kg2 46.
b7 f2 47. Rb6 f1=Q 48. b8=Q Bxb8 49. Rxb8 Qxa6+ 50. Kb3 Rf3+ 51. c3 Qe6+ 52. Kc2
Qa2+ 53. Rb2 Rf2+ 54. Kd3 Qxb2 55. c4 Rf4 56. c5 Qb3+ 0-1

[Event "OS INCLIVEIS"]
[Site "http://www.queenalice.com/game.php?id=1114669"]
[Date "2012.10.21"]
[Round "-"]
[White "adelio"]
[Black "Genjuro_Kibagami"]
[Result "1/2-1/2"]
[WhiteElo "1709"]
[BlackElo "1715"]

1. f4 d5 2. d4 Bg4 3. c4 dxc4 4. h3 Bh5 5. Nc3 e6 6. g4 Qh4+ 7. Kd2 Bxg4 8. Kc2
Nc6 9. Nf3 Nb4+ 10. Kb1 Bxf3 11. exf3 Qh6 12. b3 Qg6+ 13. Kb2 Nd3+ 14. Bxd3 cxd3
15. Ne4 f5 16. Nd2 O-O-O 17. Nc4 Rxd4 18. Be3 Qg2+ 19. Nd2 Rd6 20. Bxa7 Ra6 21.
Rg1 Qxh3 22. Nc4 Rxa7 23. Qxd3 Qh2+ 24. Kc3 Qxf4 25. Rgd1 Bd6 26. a4 Nf6 27.
Nxd6+ cxd6 28. Rac1 Rd8 29. Kb2+ Kb8 30. Rc4 Qh2+ 31. Ka3 b5 32. Rb4 d5 33.
Qxb5+ Kc7 34. Rc1+ Kd6 35. Rc6+ Ke5 36. f4+ Qxf4 37. Rxf4 Kxf4 38. Rxe6 Kg5 39.
Qc5 Rb7 40. Qg1+ Ng4 41. Qc1+ f4 42. Qg1 Rdb8 43. Re5+ Kf6 44. Rxd5 Rxb3+ 45.
Ka2 Rb2+ 46. Ka1 R2b4 47. Qa7 Rb1+ 48. Ka2 R1b2+ 49. Ka1 Rb1+ 50. Ka2 R1b2+ 51.
Ka1 R8b7 52. Qd4+ Kg6 53. Qe4+ Kf6 54. Qf5+ Ke7 55. Qe4+ Kf7 56. Rf5+ Nf6 57.
Rxf4 Rb1+ 58. Qxb1 Rxb1+ 59. Kxb1 Ke7 60. a5 Nd5 61. Re4+ Kd7 62. Kb2 Nc7 63.
Kb3 g5 64. Kb4 Kd6 65. Rd4+ Ke6 66. Kc5 h5 67. Kb6 Ke5 68. Kxc7 Kxd4 69. a6 h4
70. a7 Ke4 71. a8=Q+ Kf4 72. Kd6 g4 73. Qa4+ Kg3 74. Ke5 h3 75. Kf5 h2 76. Qxg4+
Kf2 77. Qh4+ Kg2 78. Kf4 h1=Q 79. Qg3+ Kf1 80. Qd3+ Kg2 81. Qd2+ Kf1 1/2-1/2

[Event "Challenge"]
[Site "http://www.queenalice.com/game.php?id=1115055"]
[Date "2012.10.22"]
[Round "-"]
[White "rodrigochess"]
[Black "Genjuro_Kibagami"]
[Result "1-0"]
[WhiteElo "1430"]
[BlackElo "1683"]

1. e4 e5 2. Nc3 Nf6 3. Nf3 Nc6 4. d3 Bb4 5. Bd2 a6 6. a3 Bc5 7. Be2 Ng4 8. O-O
Nxf2 9. Rxf2 Bxf2+ 10. Kxf2 Nd4 11. Nxd4 exd4 12. Nb1 Qf6+ 13. Kg1 d6 14. c3 Bd7
15. Qc1 c6 16. Bg5 Qg6 17. cxd4 f6 18. Bd2 O-O-O 19. Nc3 Bg4 20. Bxg4+ Qxg4 21.
h3 Qg3 22. Be1 Qxd3 23. a4 Qxd4+ 24. Kh1 h5 25. Bh4 g5 26. Bg3 h4 27. Ne2 Qxe4
28. Nc3 Qc4 29. Bf2 a5 30. Bb6 Rde8 31. Qd1 Re6 32. Bf2 Rhe8 33. Kh2 d5 34. Kg1
Rd8 35. Bb6 Rde8 36. Qh5 Re1+ 37. Kh2 Qf4+ 38. g3 Qf2+ 39. Bxf2 hxg3+ 40. Bxg3
R1e6 41. Qh7 R8e7 42. Qc2 d4 43. Na2 Re2+ 44. Qxe2 Rxe2+ 45. Kg1 Rxb2 46. Nc1 b6
47. Nd3 Rd2 48. Nf2 Re2 49. Ng4 f5 50. Nf6 1-0

[Event "AUTO-ADV-2658"]
[Site "http://www.queenalice.com/game.php?id=1115087"]
[Date "2012.10.22"]
[Round "1"]
[White "luiz_antonio"]
[Black "Genjuro_Kibagami"]
[Result "0-1"]
[WhiteElo "1863"]
[BlackElo "1798"]

1. e4 e5 2. g3 d5 3. Bg2 d4 4. d3 Bb4+ 5. c3 Ba5 6. b4 Bb6 7. c4 c5 8. b5 Nf6 9.
f3 Be6 10. a4 a5 11. bxa6 Nxa6 12. a5 Ba7 13. Bd2 O-O 14. Na3 Nb4 15. Nb5 Nxd3+
16. Ke2 Nb2 17. Qb1 Bxc4+ 18. Ke1 Nd3+ 19. Kf1 Nb4+ 20. Kf2 Bxb5 21. Bxb4 cxb4
22. Qxb4 Qd7 23. Rb1 d3+ 24. Ke1 Bc6 25. Kd2 Rfd8 26. Bf1 Bd4 27. Rb3 Ba4 28.
Rxd3 Bb5 29. Rxd4 Qxd4+ 30. Qxd4 Rxd4+ 31. Ke1 Bxf1 32. Kxf1 Rxa5 33. Nh3 Ra2
0-1

[Event "AUTO-ADV-2658"]
[Site "http://www.queenalice.com/game.php?id=1115088"]
[Date "2012.10.22"]
[Round "1"]
[White "Genjuro_Kibagami"]
[Black "luiz_antonio"]
[Result "0-1"]
[WhiteElo "1793"]
[BlackElo "1789"]

1. e4 e5 2. Bc4 c6 3. Nf3 Qf6 4. d3 a5 5. Bg5 Qd6 6. Bh4 b5 7. Bxf7+ Kxf7 8.
Ng5+ Ke8 9. Qf3 Nf6 10. g4 h6 11. Nh3 g5 12. Bg3 Qe6 13. a4 b4 14. b3 c5 15. Qf5
Nxg4 16. Qxe6+ dxe6 17. f3 Nf6 18. Bxe5 Bg7 19. f4 gxf4 20. Nxf4 Nc6 21. Rg1
Nxe5 22. Rxg7 Nf3+ 23. Ke2 Nxh2 24. e5 Nfg4 25. Ng6 Rf8 26. Nxf8 Kxf8 27. Rc7
Nxe5 28. Nd2 Nd7 29. Rg1 h5 30. Rg5 Nf6 31. Rgxc5 Bd7 32. Nc4 Nhg4 33. Nb6 Rd8
34. Rxa5 Ke7 35. Rb7 h4 36. Rg5 h3 0-1

[Event "AUTO-ADV-2658"]
[Site "http://www.queenalice.com/game.php?id=1115111"]
[Date "2012.10.22"]
[Round "1"]
[White "Genjuro_Kibagami"]
[Black "mouderjr"]
[Result "0-1"]
[WhiteElo "1756"]
[BlackElo "1870"]

1. e4 e6 2. e5 d6 3. Nf3 dxe5 4. Nxe5 Qf6 5. d4 Bd6 6. Ng4 Qd8 7. Qf3 Ne7 8. Bd3
Nbc6 9. c3 b6 10. Bg5 Bb7 11. O-O Rb8 12. Re1 Nxd4 13. Qd1 Ndc6 14. b4 a6 15. a4
a5 16. b5 Na7 17. Be4 Bc8 18. Qd4 e5 19. Nxe5 f6 20. Nc6 Naxc6 21. Bxc6+ Bd7 22.
Bxd7+ Qxd7 23. Bf4 Rd8 24. Bxd6 Qxd6 25. Qxd6 Rxd6 26. Na3 Kf7 27. Rad1 Rhd8 28.
Rxd6 Rxd6 29. c4 c5 30. Kf1 Nf5 31. Nc2 Nd4 32. Ne3 Nb3 33. Nf5 Rd7 34. Ne3 Nd2+
35. Ke2 Rd4 36. Rd1 Nxc4 37. Rxd4 Nxe3 38. Rd6 Nc4 0-1

[Event "AUTO-ADV-2658"]
[Site "http://www.queenalice.com/game.php?id=1115112"]
[Date "2012.10.22"]
[Round "1"]
[White "mouderjr"]
[Black "Genjuro_Kibagami"]
[Result "0-1"]
[WhiteElo "1908"]
[BlackElo "1781"]

1. b4 e5 2. Bb2 Nc6 3. b5 Nd4 4. a4 c6 5. e3 Nf5 6. Bxe5 h5 7. Bd3 d6 8. Bb2 d5
9. Nf3 f6 10. Nd4 Nxd4 11. Bxd4 c5 12. Bb2 c4 13. Be2 Bb4 14. c3 Ba5 15. Qc2 Ne7
16. O-O Bf5 17. Qd1 Qd7 18. Bxh5+ g6 19. Bf3 O-O-O 20. Re1 Bd3 21. e4 dxe4 22.
Bxe4 Nf5 23. Bxf5 Qxf5 24. Re3 Bb6 25. Rf3 Qe4 26. Na3 Be2 27. Qe1 Bxf3 28. gxf3
Qxe1+ 29. Rxe1 Rxd2 30. Nxc4 Bxf2+ 31. Kf1 Bxe1 32. Kxe1 Rdxh2 33. Kd1 R8h4 34.
Nd6+ Kc7 35. Ba3 Ra2 36. b6+ Kxb6 37. a5+ Ka6 0-1

[Event "AUTO-OPEN-2835"]
[Site "http://www.queenalice.com/game.php?id=1119241"]
[Date "2012.11.5"]
[Round "1"]
[White "Genjuro_Kibagami"]
[Black "aquinochess"]
[Result "0-1"]
[WhiteElo "1797"]
[BlackElo "2094"]

1. e4 c5 2. Nf3 d6 3. d4 cxd4 4. Nxd4 Nf6 5. Nc3 e6 6. Bg5 a6 7. Bc4 Be7 8. f4
Qc7 9. Be2 h6 10. Bxf6 Bxf6 11. Qd2 Nc6 0-1

[Event "AUTO-OPEN-2835"]
[Site "http://www.queenalice.com/game.php?id=1119242"]
[Date "2012.11.5"]
[Round "1"]
[White "aquinochess"]
[Black "Genjuro_Kibagami"]
[Result "1-0"]
[WhiteElo "2090"]
[BlackElo "1797"]

1. e4 c5 2. Nf3 Nc6 3. Bb5 g6 4. Bxc6 dxc6 5. d3 Bg7 6. h3 Nf6 7. Nc3 Nd7 8. Be3
Bxc3+ 9. bxc3 Qa5 10. Qd2 O-O 11. c4 1-0

[Event "AUTO-OPEN-2835"]
[Site "http://www.queenalice.com/game.php?id=1119243"]
[Date "2012.11.5"]
[Round "1"]
[White "Genjuro_Kibagami"]
[Black "oldfool"]
[Result "1-0"]
[WhiteElo "1777"]
[BlackElo "1431"]

1. e4 e5 2. Nf3 Nc6 3. d3 d6 4. d4 f6 5. dxe5 dxe5 6. Qxd8+ Nxd8 7. Nc3 Bb4 8.
a3 Bxc3+ 9. bxc3 Ne7 10. c4 O-O 11. a4 a5 12. Bd2 b6 13. O-O-O Bd7 14. g3 Ndc6
15. Be3 Bg4 16. Be2 Nd4 17. Nxd4 Bd7 18. Nb5 Rfc8 19. Rxd7 Kf8 20. Nxc7 Rd8 21.
Ne6+ Ke8 22. Rxd8+ Rxd8 23. Nxd8 Kxd8 24. Bxb6+ Kd7 25. Bxa5 Ng6 26. Rd1+ 1-0

[Event "AUTO-OPEN-2835"]
[Site "http://www.queenalice.com/game.php?id=1119244"]
[Date "2012.11.5"]
[Round "1"]
[White "oldfool"]
[Black "Genjuro_Kibagami"]
[Result "0-1"]
[WhiteElo "1429"]
[BlackElo "1779"]

1. d4 d5 2. e3 c6 3. Be2 Nf6 4. Bf3 e6 5. Ne2 Qd6 6. O-O e5 7. dxe5 Qxe5 8. g3
Bf5 9. Nf4 Nbd7 10. Nd3 Qd6 11. Nc3 g5 12. Be2 g4 13. Nf4 O-O-O 14. Bd2 Re8 15.
Nd3 d4 16. Na4 b5 17. Bb4 Qc7 18. Bxf8 Rhxf8 19. exd4 bxa4 20. a3 a5 21. f3 h5
22. f4 Qb6 23. c3 Nd5 24. Rb1 Ne3 25. Qxa4 Nxf1 26. Bxf1 Bxd3 0-1

[Event "AUTO-OPEN-2835"]
[Site "http://www.queenalice.com/game.php?id=1119245"]
[Date "2012.11.5"]
[Round "1"]
[White "Genjuro_Kibagami"]
[Black "Fauquinelle"]
[Result "0-1"]
[WhiteElo "1805"]
[BlackElo "1917"]

1. e4 e5 2. Nf3 Nc6 3. Bc4 Bc5 4. a3 Nf6 5. Ng5 O-O 6. Bxf7+ Rxf7 7. Nxf7 Kxf7
8. b4 Bb6 9. c3 d5 10. exd5 Qxd5 11. f3 Bf5 12. g4 Bxg4 13. c4 Qxf3 14. Qxf3
Bxf3 15. Rf1 Bg2 16. c5 Bxc5 17. bxc5 Bxf1 18. Kxf1 Rd8 0-1

[Event "AUTO-OPEN-2835"]
[Site "http://www.queenalice.com/game.php?id=1119246"]
[Date "2012.11.5"]
[Round "1"]
[White "Fauquinelle"]
[Black "Genjuro_Kibagami"]
[Result "0-1"]
[WhiteElo "1895"]
[BlackElo "1771"]

1. d4 d5 2. Nf3 e6 3. c4 dxc4 4. Qa4+ c6 5. Qxc4 b5 6. Qc2 Nf6 7. Bg5 Bb4+ 8.
Nbd2 h6 9. Bf4 g5 10. Be5 g4 11. Ng1 h5 12. Qxc6+ Nxc6 0-1

[Event "Challenge"]
[Site "http://www.queenalice.com/game.php?id=1139435"]
[Date "2013.1.11"]
[Round "-"]
[White "Genjuro_Kibagami"]
[Black "betofortaleza"]
[Result "0-1"]
[WhiteElo "1745"]
[BlackElo "1902"]

1. e4 e5 2. Nf3 Nc6 3. d4 exd4 4. Nxd4 Qf6 5. Be3 Bc5 6. c3 Nxd4 7. cxd4 Bb4+ 8.
Nc3 d6 9. a3 Bxc3+ 10. bxc3 Bd7 11. Qb1 b6 12. Qd3 Ne7 13. O-O-O d5 0-1